| 000 | 00478nam a2200181Ia 4500 | ||
|---|---|---|---|
| 003 | GCL | ||
| 008 | 140319s9999 xx 000 0 eng d | ||
| 040 |
_aGCL / _cGCL |
||
| 082 | 0 | 4 |
_a915 _bI O |
| 100 | 1 | _aINSTITUT DU MONDE ARABE | |
| 245 | 1 | 0 |
_aOMAN : ENTRE MERS ET CITADELLES / _cINSTITUT DU MONDE ARABE |
| 260 |
_a[S.N] : _bINSTITUT DU MONDE ARABE ، _c1995 |
||
| 300 | _a100 P | ||
| 650 | 0 | 4 | _aOMAN |
| 650 | 0 | 4 | _aCITADEL, OMAN |
| 650 | 0 | 4 | _aARABIC GULF |
| 942 |
_2ddc _cBK |
||
| 999 |
_c19250 _d19250 |
||